| 000 | 01277cam a2200337 a 4500 | ||
|---|---|---|---|
| 999 |
_c3157 _d3157 |
||
| 001 | 2504262 | ||
| 003 | OSt | ||
| 005 | 20181025185236.0 | ||
| 008 | 920520s1992 tnu b 000 0 eng | ||
| 010 | _a 92020141 | ||
| 020 | _a0840733763 (pbk.) | ||
| 040 |
_aDLC _cDLC _dDLC |
||
| 050 | 0 | 0 |
_aBF637.S4 _bS51774 1992 |
| 082 | 0 | 0 |
_a158.1 _220 _bS549T |
| 100 | 1 | _aShepperson, Vance L. | |
| 245 | 1 | 0 |
_aTracks in the sand : _byour guide to recovery journaling / _cVance L. Shepperson, Bethyl Joy Shepperson. |
| 260 |
_aNashville : _bT. Nelson, _cc1992. |
||
| 300 |
_avi, 154 p. ; _c24 cm. |
||
| 500 | _aCover subtitle: An interactive workbook. | ||
| 504 | _aIncludes bibliographical references (p. 152-153). | ||
| 650 | 0 |
_aSelf-actualization (Psychology) _xProblems, exercises, etc. |
|
| 650 | 0 |
_aDiaries _xTherapeutic use. |
|
| 650 | 0 |
_aDiaries _xAuthorship. |
|
| 650 | 0 |
_aSelf-actualization (Psychology) _xReligious aspects _xChristianity. |
|
| 650 | 0 |
_aDiaries _xAuthorship _xReligious aspects _xChristianity. |
|
| 700 | 1 | _aShepperson, Bethyl Joy. | |
| 740 | 0 | _aRecovery journaling. | |
| 906 |
_a7 _bcbc _corignew _d1 _eocip _f19 _gy-gencatlg |
||
| 942 |
_2ddc _cBK |
||